000 00719nam a2200241Ia 4500
003 OSt
005 20221006163924.0
006 a|||||r|||| 00| 0
007 ta
008 221006b |||||||| |||| 00| 0 eng d
024 _a7,810
037 _cDissertations
040 _aFML
_cFML
_beng
041 _2eng
_aeng
100 _aG. Jayalakshmi Au.
_9676199
110 _aDelhi University. Faculty of Music and Fine Arts. Department of Music
245 0 _aPerforming Arts Related To The Temples Of Kerla
260 _c1996
300 _a94
_ccm.
700 _aDelhi University. Faculty of Music and Fine Arts. Department of Music
942 _cDIS
_2CC
999 _c1115721
_d1115721